Monuments du monde #1 - Statistiques

Statistiques générales
  • Ce quiz a été pris 942 fois
  • Le résultat moyen est 33 sur 50
Statistiques - réponses
Par images Réponse % Correct
Italie
88%
Italie
87%
Royaume-Uni
87%
Espagne
85%
France
85%
Egypte
84%
France
84%
Etats-Unis
82%
Italie
82%
Japon
82%
Etats-Unis
81%
Mexique
81%
Russie
81%
Turquie
81%
Perou
80%
Allemagne
77%
Grece
77%
Etats-Unis
76%
Etats-Unis
75%
Népal
75%
Espagne
74%
Inde
74%
Singapour
74%
Emirats arabes unis
72%
Sri Lanka
71%
Emirats arabes unis
70%
Thaïlande
70%
Chine
67%
Japon
66%
Etats-Unis
64%
Jordanie
63%
Taïwan
61%
France
59%
France
53%
Royaume-Uni
53%
Egypte
47%
Chili
46%
Corée du Sud
45%
Vatican
45%
Chine
39%
Australie
38%
Cambodge
38%
Brésil
36%
Italie
36%
Belgique
31%
Indonésie
29%
Chine
26%
Malaisie
26%
Portugal
26%
République-Tchèque
18%
Aucun quiz correspondant
Distribution des résultats
% des personnes avec chaque résultat
Percentile par nombre de réponses
Votre historique - résultats
Vous n’avez pas pris ce quiz